Videospiele an Charaktere erkennen - Statistiken

Allgemein
  • Dieses Quiz wurde 3.253 mal gespielt
  • Das Durchschnittsergebnis liegt bei 12 aus 16
Antwortstatistiken
Bildquiz Antwort % Korrekt
Super Mario
100%
Pac-Man
96%
Minecraft
95%
Fortnite
87%
God Of War
82%
Overwatch
82%
The Last Of Us
82%
Tomb Raider
82%
Witcher
74%
Spyro
67%
Crash Bandicoot
64%
Horizon
64%
Mega Man
63%
Resident Evil
62%
Uncharted
62%
Diddy Kong Racing
19%
Keine übereinstimmenden Quizze gefunden
Verteilung der Resultate
Anzahl Personen mit jedem Resultat
Perzentil nach korrekt beantworteten Fragen
Ihre Resultats-Entwicklung
Sie haben dieses Quiz noch nicht gespielt